000 00822nam a2200229Ii 4500
003 JO-AjNU
008 230605s9999||||xx |||||||||||||| ||und||
017 _a39462
020 _a9957-16-071-5
040 _aJO-AjNU
_bara
_erda
_cJO-AjNU
041 _aara
050 1 4 _aK5165.N2487.2008
100 3 _a نمور، محمد سعيد,
_eauthor
_925060
245 0 0 _aشرح قانون العقوبات : القسم الخاص ، الجرائم الواقعة على الأموال
250 _aط1
264 3 1 _aعمان : دار الثقافة ، 2008
300 _a375ص
336 _atext
_btxt
_2rdacontent
337 _aunmediated
_bn
_2rdamedia
338 _avolume
_bnc
_2rdacarrier
650 4 _aالجرائم ضد الافراد -- القانون الجنائي -- الجريمة -- العقوبات
_925061
999 _aA9324
_c12892
_d12892